00746nam a2200193 a 450000100100000000500170001000800410002702000180006804000250008608200150011110000210012624500950014726000410024230000260028349000490030971000910035871000540044983000490050300004673920250116162810.0140610s2015 dr a 000 0 spa d a9789945898040 aDO-SdBNPbspacBNPHU axxxxbxxxx1 aGonzález, Wara10aCuaderno de actividades :bpara niños y niñas de 1er. a 4to. grado /cWara González. aSanto Domingo :bOEIbMINERD,c2015. a2 v. :bil. ;c28 cm.1 aSistema integral de apoyo a los aprendizajes2 aOrganización de Estados Iberoamericanos para la Educación, la Ciencia y la Cultura1 aRepública DominicanabMinisterio de Educación 0aSistema integral de apoyo a los aprendizajes